kku e-library facility

Biological Structures (Record no. 164)

MARC details
000 -LEADER
fixed length control field 00404nam a2200133 4500
005 - DATE AND TIME OF LATEST TRANSACTION
control field 20260218100252.0
008 - FIXED-LENGTH DATA ELEMENTS--GENERAL INFORMATION
fixed length control field 260218b |||||||| |||| 00| 0 eng d
020 ## - INTERNATIONAL STANDARD BOOK NUMBER
International Standard Book Number 0719536472
100 ## - MAIN ENTRY--PERSONAL NAME
Personal name Krommenhoek W, Sebus J & Esch Van G. J
245 ## - TITLE STATEMENT
Title Biological Structures
Statement of responsibility, etc. /Krommenhoek, Sebus & Esch Van
260 ## - PUBLICATION, DISTRIBUTION, ETC.
Place of publication, distribution, etc. Netherlands;
Name of publisher, distributor, etc. L. C. G Malmberg B. V;
Date of publication, distribution, etc. 1979
300 ## - PHYSICAL DESCRIPTION
Extent 139p.ill;
Dimensions 26cm
942 ## - ADDED ENTRY ELEMENTS (KOHA)
Source of classification or shelving scheme Library of Congress Classification
Suppress in OPAC No
Koha item type Books

No items available.

©2025 All rights reserved. KKU